| 000 | 01728nam0a2200325 i 4500 | ||
|---|---|---|---|
| 001 | RU\NLR\bibl\1900135 | ||
| 005 | 20260406152518.0 | ||
| 010 |
_a9785938983281 _91100 |
||
| 021 |
_aRU _b2012-28086 _92090 |
||
| 035 | _a(NLR Aleph) 001889773 | ||
| 090 |
_a2903841 _c2903841 |
||
| 100 | _a20120504d2012 u y0rusy50 ca | ||
| 101 | 1 |
_arus _ceng |
|
| 102 | _aRU | ||
| 105 | _aac ||||||||| | ||
| 200 | 1 |
_aПеснь англичан _e[стихи] _aНемного о себе _eдля моих друзей - знакомых и незнакомых _e[мемуары] _fРедьярд Киплинг _gпер. с англ. Н.М. Голя, Д.В. Вознякевича _g[послесл. А.М. Зверева _gкоммент. В.П. Мурат, В.Г. Зартайского] _g96 ил. Уильяма Хита Робинсона |
|
| 210 |
_aСанкт-Петербург _cВита Нова _d2012 |
||
| 215 |
_a365, [1] с. _cил., цв. ил., портр. _d24 |
||
| 225 | 1 |
_aФамильная библиотека _iЧитальный зал |
|
| 600 | 1 |
_aРобинсон _bУ.Х. _f1872 - 1944 _gУильям Хит _92630714 _3RU\NLR\auth\661567274 |
|
| 686 | _aЩ153(4Вл)5-8Робинсон | ||
| 686 | _aШ6(4Вл)57я44{Лх1297-45избр} | ||
| 700 | 1 |
_4070 _8rus _7ca _aКиплинг _bР. _f1865-1936 _gРедьярд _3RU\NLR\auth\775969 _9115925 |
|
| 702 | 1 |
_4440 _8rus _7ca _aРобинсон _bУ. Х. _cхудожник _f1872-1944 _gУильям Хит _3RU\NLR\auth\77106932 _989857 |
|
| 702 | 1 |
_4730 _8rus _7ca _aГоль _bН. М. _gНиколай Михайлович _f1952 - _3RU\NLR\auth\7723899 _96952 |
|
| 801 | 0 |
_aRU _bNLR _c20120504 _gRCR |
|
| 801 | 1 |
_aRU _bNLR _c20120504 |
|
| 942 | _cBOOK | ||
| 980 | _aNBR | ||